Yleisimmät sanat lintujen nimissä - Statistics

Yleistilastot
  • Tätä visaa on pelattu 409 kertaa
  • Keskiarvotulos 12 / 21
Vastaustilastot
Lajimäärä Vastaus % Oikein
13 puna
82%
14 tiainen
76%
20 haukka
73%
22 musta
72%
19 lokki
69%
12 kotka
67%
29 lintu
65%
23 pää
63%
12 pöllö
62%
30 pikku
59%
15 rastas
59%
18 iso
57%
20 meri
55%
19 sirkku
53%
13 hanhi
48%
19 kerttu
43%
12 pääsky
43%
16 sirri
42%
12 haikara
34%
13 uuni
27%
13 kara
6%
Ehtoja vastaavia visoja ei löytynyt
Tulosjakauma
Jokaisen tuloksen saaneiden osuus
Persentiili vastausten määrän mukaan
Tuloshistoriasi
Et ole pelannut tätä visaa